Bài tập cơ học Tập 2 Động lực học

Đã lưu trong:
書目詳細資料
主要作者: Đỗ, Sanh (Chủ biên)
其他作者: Lê, Doãn Hồng
格式: 圖書
語言:Vietnamese
出版: Hà Nội Giáo dục 2005
主題:
標簽: 添加標簽
沒有標簽, 成為第一個標記此記錄!
Thư viện lưu trữ: Trung tâm Học liệu Lê Vũ Hùng, Trường Đại học Đồng Tháp
LEADER 00852pam a22003018a 4500
001 00032154
005 20171026081025.0
008 140507s2005 ||||||viesd
020 |c 18500 
041 0 # |a vie 
082 1 4 |a 531.076  |b B103T 
100 0 # |a Đỗ, Sanh  |e Chủ biên 
245 1 0 |a Bài tập cơ học  |n Tập 2  |c Đỗ Sanh (ch.b); Lê Doãn Hồng  |p Động lực học 
260 # # |a Hà Nội  |b Giáo dục  |c 2005 
300 # # |a 291 tr.  |c 21 cm. 
653 # # |a Bài tập 
653 # # |a Cơ học 
653 # # |a Động lực học 
700 1 # |a Lê, Doãn Hồng 
852 # # |b Kho đọc  |j KD.0015765 
852 # # |j KD.0015765 
910 # # |d 7/5/2014 
980 # # |a Trung tâm Học liệu Lê Vũ Hùng, Trường Đại học Đồng Tháp